All USPS Street abbreviations - Statistics

General Stats
  • This quiz has been taken 114 times
  • The average score is 50 of 213
Answer Stats
Hint Answer % Correct
ALY Alley
90%
APT Apartment
90%
AVE Avenue
90%
BLVD Boulevard
84%
BLDG Building
74%
CTR Center
61%
CIR Circle
61%
ANX Annex
58%
BSMT Basement
58%
BCH Beach
55%
BND Bend
55%
BRG Bridge
55%
CURV Curve
55%
DR Drive
55%
EXPY Expressway
55%
ST Street
55%
XING Crossing
52%
DEPT Department
52%
FALL Fall
52%
FWY Freeway
52%
RD Road
52%
CTRS Centers
48%
PARK Park
48%
CLF Cliff
45%
CT Court
45%
CRST Crest
45%
LOOP Loop
45%
PKWY Parkway
45%
WAY Way
45%
CLFS Cliffs
42%
FLD Field
42%
HWY Highway
42%
LOT Lot
42%
ROW Row
42%
BYP Bypass
39%
FLT Flat
39%
GDN Garden
39%
LN Lane
39%
LOWR Lower
39%
MT Mount
39%
SIDE Side
39%
BLF Bluff
35%
BRK Brook
35%
BRKS Brooks
35%
CSWY Causeway
35%
XRD Crossroad
35%
FL Floor
35%
LCK Lock
35%
MALL Mall
35%
MTN Mountain
35%
RUN Run
35%
SKWY Skyway
35%
SQ Square
35%
UPPR Upper
35%
BTM Bottom
32%
CMN Common
32%
CRK Creek
32%
CRES Crescent
32%
FLDS Fields
32%
FLTS Flats
32%
FRNT Front
32%
LCKS Locks
32%
OVAL Oval
32%
PASS Pass
32%
PIER Pier
32%
RUE Rue
32%
STOP Stop
32%
BYU Bayou
29%
CRSE Course
29%
DRS Drives
29%
GDNS Gardens
29%
LBBY Lobby
29%
MDW Meadow
29%
ORCH Orchard
29%
PATH Path
29%
PIKE Pike
29%
RAMP Ramp
29%
SLIP Slip
29%
TPKE Turnpike
29%
FRD Ford
26%
GLN Glen
26%
GRN Green
26%
GRV Grove
26%
IS Island
26%
ISLE Isle
26%
LAND Land
26%
MDWS Meadows
26%
PSGE Passage
26%
PNE Pine
26%
RNCH Ranch
26%
WALK Walk
26%
EST Estate
23%
GTWY Gateway
23%
GRNS Greens
23%
GRVS Groves
23%
ISS Islands
23%
JCT Junction
23%
JCTS Junctions
23%
LNDG Landing
23%
SQS Squares
23%
WAYS Ways
23%
CPE Cape
19%
CLB Club
19%
COR Corner
19%
ESTS Estates
19%
EXT Extension
19%
FLS Falls
19%
FT Fort
19%
GLNS Glens
19%
HOLW Hollow
19%
INLT Inlet
19%
LK Lake
19%
OFC Office
19%
PLZ Plaza
19%
STE Suite
19%
TER Terrace
19%
UNIT Unit
19%
WALL Wall
19%
EXTS Extensions
16%
FRDS Fords
16%
HVN Haven
16%
PNES Pines
16%
PL Place
16%
PLN Plain
16%
PLNS Plains
16%
PT Point
16%
PRT Port
16%
RIV River
16%
RDS Roads
16%
RTE Route
16%
STS Streets
16%
TRAK Track
16%
VLY Valley
16%
VLYS Valleys
16%
ARC Arcade
13%
BG Burg
13%
CV Cove
13%
CVS Coves
13%
FRST Forest
13%
HNGR Hangar
13%
HTS Heights
13%
HL Hill
13%
MNR Manor
13%
OPAS Overpass
13%
RDG Ridge
13%
SHR Shore
13%
SHRS Shores
13%
SPUR Spur/Spurs
13%
STA Station
13%
STRM Stream
13%
TUNL Tunnel
13%
UPAS Underpass
13%
VLG Village
13%
CYN Canyon
10%
FRY Ferry
10%
HLS Hills
10%
LKS Lakes
10%
LDG Lodge
10%
MEWS Mews
10%
SPG Spring
10%
SPGS Springs
10%
TRCE Trace
10%
TRL Trail
10%
VW View
10%
BR Branch
6%
CORS Corners
6%
DL Dale
6%
FRK Fork
6%
HBR Harbor
6%
KY Key
6%
KYS Keys
6%
MNRS Manors
6%
ML Mill
6%
MLS Mills
6%
NCK Neck
6%
RPD Rapid
6%
SHL Shoal
6%
SHLS Shoals
6%
SPC Space
6%
TRLR Trailer
6%
VWS Views
6%
VLGS Villages
6%
DM Dam
3%
FRG Forge
3%
FRGS Forges
3%
LGT Light
3%
LGTS Lights
3%
MTWY Motorway
3%
RADL Radial
3%
RPDS Rapids
3%
REAR Rear
3%
RDGS Ridges
3%
STRA Stravenue
3%
VIS Vista
3%
BGS Burgs
0%
CP Camp
0%
DV Divide
0%
KNL Knoll
0%
KNLS Knolls
0%
LF Loaf
0%
MSN Mission
0%
PH Penthouse
0%
PR Prairie
0%
RST Rest
0%
SMT Summit
0%
TRWY Trafficway
0%
TRWY Troughway
0%
UN Union
0%
UNS Unions
0%
VIA Viaduct
0%
VL Ville
0%
WL Well
0%
WLS Wells
0%
No matching quizzes found
Score Distribution
Percent of People with Each Score
Percentile by Number Answered
Your Score History
You have not taken this quiz